000 00366nam a22001577a 4500
003 MPLRDC
005 20220104125113.0
008 210129b ||||| |||| 00| 0 eng d
082 _a293.26 ZYY
100 _a邹云英编著
245 _aA 血型与十二生肖
_c
260 _a
_b新时代出版社
_c
300 _b
650 _a
942 _cBK
_o293.26 ZYY
999 _c24681
_d24671